| 000 | 00426ntaaa2200169 4500 | ||
|---|---|---|---|
| 003 | 01 | ||
| 005 | 20251027202439.0 | ||
| 008 | 0714s1973 ag 01 | ||
| 040 |
_aAR-BaBN _bspa _cAR-BaBN _eaacr _dRIC |
||
| 082 | _a266.0000 R61 | ||
| 100 |
_aRodÃguez, Juan José _923325 |
||
| 245 | _aCuentos misionero del Oriente | ||
| 250 |
_a1 ed. : _bJunta de Publicaciones, _cc1949 |
||
| 300 | _a67 p. | ||
| 650 | _aMisiones | ||
| 942 | _cBK | ||
| 999 |
_c19435 _d19435 |
||